LEADER 00923nam--2200361---450- 001 990003096540203316 005 20110805111859.0 035 $a000309654 035 $aUSA01000309654 035 $a(ALEPH)000309654USA01 035 $a000309654 100 $a20080416d1946----km-y0itay50------ba 101 $afre 102 $aFR 105 $a||||||||001yy 200 1 $aAntigone$fJean Anouilh 210 $aParis$cLa table ronde$d1946 215 $a133 p.$d19 cm 410 0$12001 454 1$12001 461 1$1001-------$12001 606 0 $aLetteratura drammatica francese 676 $a842.9 700 1$aANOUILH,$bJean$0196483 801 0$aIT$bsalbc$gISBD 912 $a990003096540203316 951 $aII.4.A.160$b2513 DSLL 959 $aBK 969 $aDSLL 979 $aDSLL$b90$c20080416$lUSA01$h1356 979 $aDSLL$b90$c20110805$lUSA01$h1118 996 $aAntigone$91019345 997 $aUNISA LEADER 03572nam 2200517 450 001 9910287936303321 005 20230621140159.0 024 7 $a10.7765/9781526137814 035 $a(CKB)4100000006999954 035 $a(oapen)https://directory.doabooks.org/handle/20.500.12854/33175 035 $a(DE-B1597)660664 035 $a(DE-B1597)9781526137814 035 $a(EXLCZ)994100000006999954 100 $a20181014h20182003 fy| 0 101 0 $aeng 135 $aurm|#---uuuuu 181 $ctxt$2rdacontent 182 $cc$2rdamedia 183 $acr$2rdacarrier 200 14$aThe Malleus Maleficarum and the construction of witchcraft $etheology and popular belief /$fHans Peter Broedel 210 $cManchester University Press$d2003 210 1$aManchester, UK :$cManchester University Press,$d2018. 210 4$d©2003 215 $a1 online resource (209 pages) $cdigital, PDF file(s) 225 1 $aStudies in early modern European history 300 $aFirst published: 2003. 311 08$aPrint version: 1847795676 311 08$aPrint version: 152613781X 320 $aIncludes bibliographical references and index. 330 $aWhat was witchcraft? Were witches real? How should witches be identified? How should they be judged? Towards the end of the middle ages these were serious and important questions - and completely new. Between 1430 and 1500, a number of learned 'witch-theorists' attempted to provide the answers to such questions, and of these perhaps the most famous are the Dominican inquisitors Heinrich Institoris and Jacob Sprenger, the authors of the Malleus Maleficarum, or The Hammer of Witches. The Malleus is widely recognised as an important medieval text and is frequently quoted by authors across a wide range of scholarly disciplines. Yet as a source the Malleus presents serious difficulties: it is difficult to understand out of context, and cannot be said to be representative of late medieval learned thinking in general. This, the first book-length study of the original text in English, provides students and scholars with an introduction to this controversial work and to the conceptual world of its authors. Like all witch-theorists, Institoris and Sprenger constructed their witch out of a constellation of pre-existing popular beliefs and learned traditions. Therefore, to understand the Malleus, one must also understand the contemporary and subsequent debates over the reality and nature of witches. Ultimately, this book argues that although the Malleus was a highly idiosyncratic text, with a view of witches very different from that of competing authors, its arguments were powerfully compelling and therefore remained influential long after alternatives were forgotten. Consequently, although focused on a single text, this study has important implications for fifteenth-century witchcraft theory. This is a fascinating work on the Malleus and will be essential to students and academics of late medieval and early modern history, religion and witchcraft studies. 410 0$aStudies in early modern European history. 606 $aWitchcraft$xHistory$yTo 1500 610 $amaleficarum 610 $awitchcraft 610 $awitches 610 $aGod 610 $aHeresy 610 $aSuperstition 615 0$aWitchcraft$xHistory 676 $a133.4309024 700 $aBroedel$b Hans Peter$0800719 801 0$bUkMaJRU 906 $aBOOK 912 $a9910287936303321 996 $aThe Malleus Maleficarum and the construction of witchcraft$92265959 997 $aUNINA LEADER 01223nam0 22003011i 450 001 UON00077238 005 20231205102415.801 100 $a20020107d1904 |0itac50 ba 101 $afre 102 $aFR 105 $a|||| ||||| 200 1 $aSouvenirs de Tunisie et d'Algérie$fG. Saint-Paul 210 $aParis$cHenri-Charles Lavauzelle$d1904 215 $a360 p.$d21 cm 316 $adata inesatta$5IT-UONSI B Afr4/0217 606 $aAlgeria$xDescrizioni e viaggi$3UONC019194$2FI 606 $aTunisia$xDescrizioni e viaggi$3UONC018769$2FI 620 $aFR$dParis$3UONL002984 676 $a916.1104$cDESCRIZIONI E VIAGGI DELLA TUNISIA$v21 676 $a916.504$cDESCRIZIONI E VIAGGI DELL'ALGERIA$v21 700 1$aSAINT-PAUL$bG.$3UONV050660$0660452 712 $aCharles-Lavauzelle$3UONV257760$4650 801 $aIT$bSOL$c20260410$gRICA 899 $aSIBA - SISTEMA BIBLIOTECARIO DI ATENEO E ARCHIVIO STORICO$2UONSI 912 $aUON00077238 950 $aSIBA - SISTEMA BIBLIOTECARIO DI ATENEO E ARCHIVIO STORICO$dSI 4 0217 $eSI MR 263 7 0217 data inesatta 996 $aSouvenirs de Tunisie et d'Algérie$91299782 997 $aUNIOR